[Event "PRO League Group Stage"]
[Site "chess.com INT"]
[Date "2018.02.14"]
[Round "6"]
[White "Nemcova, Katerina"]
[Black "Nagle, Sean"]
[Result "1/2-1/2"]
[WhiteTitle "WGM"]
[BlackTitle "IM"]
[WhiteElo "2315"]
[BlackElo "2432"]
[WhiteTeam "Webster Windmills"]
[BlackTeam "Minnesota Blizzard"]
[WhiteFideId "322750"]
[BlackFideId "2013878"]
[EventDate "2018.01.18"]

1. e4 g6 2. d4 Bg7 3. Nf3 d6 4. Bc4 e6 5. Bb3 Ne7 6. O-O b6 7. Bg5 h6 8. Bh4 Bb7
9. Qe2 Nd7 10. Nbd2 g5 11. Bg3 Ng6 12. Qe3 g4 13. Ne1 h5 14. f4 h4 15. Bf2 Bh6
16. Nd3 Qe7 17. a4 a5 18. c4 Nf6 19. Be1 g3 20. hxg3 hxg3 21. Bxg3 O-O-O 22. Bd1
Rdg8 23. e5 dxe5 24. dxe5 Nd7 25. Bf3 Nh4 26. Bxb7+ Kxb7 27. c5 Nf5 28. Qe4+ Kb8
29. Bf2 Ng3 30. Bxg3 Rxg3 31. cxb6 cxb6 32. Rf3 Nc5 33. Qc6 Rxf3 34. Qxb6+ Qb7
35. Qxb7+ Nxb7 36. Nxf3 Rd8 37. Ra3 Ka7 38. g3 Bf8 39. Rc3 Rd7 40. Kf2 Nd8 41.
Ke3 Kb6 42. Nd4 Rd5 43. Rb3+ Kc7 44. g4 Nb7 45. Rc3+ Kd7 46. Rc4 Be7 47. Ke4 Bc5
48. b4 axb4 49. Nxb4 Bxb4 50. Rxb4 Nc5+ 51. Ke3 Kc7 52. Rc4 Kb6 53. g5 Rd8 54.
Rb4+ Kc7 55. Nb5+ Kc6 56. Nd6 Rh8 57. Nxf7 Rh3+ 58. Ke2 Rh2+ 59. Kf1 Nd3 60. Rb3
Nxf4 61. a5 Ra2 62. Rb6+ Kd5 63. Rd6+ Ke4 64. g6 Ke3 65. Kg1 Nxg6 66. Ng5 Rxa5
67. Nxe6 Rxe5 68. Nd4 Rg5+ 69. Kf1 Ne5 70. Ne2 Rf5+ 71. Ke1 Nd3+ 72. Kd1 Rf1+
73. Kc2 Ne1+ 74. Kc3 Kxe2 75. Re6+ Kd1 76. Rd6+ Kc1 77. Rd8 Rf3+ 78. Kc4 Kc2 79.
Re8 Rf4+ 80. Kc5 Nd3+ 81. Kd5 Kc3 82. Re3 Ra4 83. Rh3 Kc2 84. Rh2+ Kc3 85. Rh3
Ra5+ 86. Ke6 Kd4 87. Rh4+ Ke3 88. Kd6 Nf4 89. Rh1 Ke4 90. Re1+ Kd4 91. Rd1+ Nd3
92. Ke6 Re5+ 93. Kf6 Rd5 94. Ke6 Ke4 95. Kf6 Rd6+ 96. Kg5 Ke5 97. Ra1 Nc5 98.
Ra5 Rd5 99. Ra1 Ne4+ 100. Kg4 Rd8 101. Ra5+ Kd4 102. Ra4+ Kd3 103. Ra3+ Nc3 104.
Kf3 Rf8+ 105. Kg4 Kd4 106. Kg5 Nd5 107. Ra5 Ke5 108. Kg4 Rf4+ 109. Kg3 Rf5 110.
Kg4 Rf4+ 111. Kg3 Rd4 112. Kf3 Kf5 113. Ra8 Rd3+ 114. Kf2 Nf4 115. Rf8+ Ke4 116.
Re8+ Kd4 117. Rd8+ Nd5 118. Ke2 Ra3 119. Rd7 Ke4 120. Rd8 Ra2+ 121. Ke1 Nc3 122.
Re8+ Kf3 123. Rf8+ Ke3 124. Kf1 Ne4 125. Re8 1/2-1/2

[Event "PRO League Group Stage"]
[Site "chess.com INT"]
[Date "2018.02.14"]
[Round "6"]
[White "Kiewra, Keaton"]
[Black "Pakleza, Zbigniew"]
[Result "1/2-1/2"]
[WhiteTitle "IM"]
[BlackTitle "GM"]
[WhiteElo "2382"]
[BlackElo "2496"]
[WhiteTeam "San Diego Surfers"]
[BlackTeam "Las Vegas Desert Rats"]
[WhiteFideId "2019280"]
[BlackFideId "1119290"]
[EventDate "2018.01.18"]

1. e4 d6 2. d4 Nf6 3. Nc3 e5 4. Nf3 Nbd7 5. Bc4 Be7 6. dxe5 dxe5 7. Bxf7+ Kxf7
8. Ng5+ Kg8 9. Ne6 Qe8 10. Nxc7 Qg6 11. Nxa8 Qxg2 12. Rf1 Nc5 13. Be3 Bh3 14.
Qe2 Qxf1+ 15. Qxf1 Bxf1 16. Kxf1 Kf7 17. Nc7 Nfxe4 18. Nxe4 Nxe4 19. Nd5 a6 1/2-1/2

[Event "PRO League Group Stage"]
[Site "chess.com INT"]
[Date "2018.02.14"]
[Round "6"]
[White "Safin, Artur"]
[Black "Sarana, Alexey"]
[Result "1/2-1/2"]
[BlackTitle "GM"]
[WhiteElo "2229"]
[BlackElo "2562"]
[WhiteTeam "Dallas Destiny"]
[BlackTeam "Australia Kangaroos"]
[WhiteFideId "2041367"]
[BlackFideId "24133795"]
[EventDate "2018.01.18"]

1. c4 Nf6 2. Nc3 e5 3. Nf3 Nc6 4. g3 Bb4 5. Bg2 O-O 6. O-O Bxc3 7. dxc3 e4 8.
Ne1 d6 9. Nc2 Ne5 10. b3 h6 11. Ne3 Re8 12. f4 Neg4 13. f5 Nxe3 14. Bxe3 Ng4 15.
Qd2 Nxe3 16. Qxe3 Qg5 17. Qxg5 hxg5 18. Rad1 b6 19. g4 Bb7 20. Rd4 Re5 21. e3 f6
22. Kf2 Kf7 23. Rfd1 g6 24. fxg6+ Kxg6 25. Kg3 Rf8 26. Rf1 a6 27. a4 Bc6 28. Rf2
Rb8 29. Ra2 Ba8 30. Bh1 Rh8 31. Bg2 Bb7 32. Rf2 Kf7 33. Rf1 Ke7 34. Rd2 Bc6 35.
Rdf2 Rh6 36. Rd1 Rh4 37. Rdf1 Bd7 38. h3 Rh6 39. Rd2 Bc6 40. Rd4 Ke6 41. Rf2 Rh8
42. Rf1 Rb8 43. Ra1 Ra8 44. Ra2 Rf8 45. Rf2 Re8 46. Bf1 Kf7 47. Bg2 Kg6 48. Rfd2
R8e7 49. Rf2 Kg7 50. Rfd2 Be8 51. Rd5 Bg6 52. Rxe5 Rxe5 53. Rd4 f5 54. gxf5 Bxf5
55. Rd5 Rxd5 56. cxd5 Kf6 57. Bf1 Bc8 58. Be2 Ke5 59. c4 Bd7 60. Bg4 Be8 61. Bc8
Bh5 62. Bg4 Bf7 63. Bc8 Bh5 64. Bg4 Bg6 65. Bc8 a5 66. Bd7 Kf6 67. h4 Ke7 68.
Bg4 Kf6 69. Be2 Be8 70. hxg5+ Kxg5 71. Bg4 c6 72. dxc6 Bxc6 73. Be2 Kf5 74. Bd1
d5 75. cxd5 Bxd5 76. Kf2 Bf7 77. Ke1 Ke5 78. Kd2 Kd5 79. Kc3 Kc5 80. Bc2 Bd5 81.
Bb1 1/2-1/2

[Event "PRO League Group Stage"]
[Site "chess.com INT"]
[Date "2018.02.14"]
[Round "6"]
[White "Demidov, Mikhail"]
[Black "Vidit, Santosh Gujrathi"]
[Result "1/2-1/2"]
[WhiteTitle "IM"]
[BlackTitle "GM"]
[WhiteElo "2523"]
[BlackElo "2718"]
[WhiteTeam "Volga Stormbringers"]
[BlackTeam "Mumbai Movers"]
[WhiteFideId "4197143"]
[BlackFideId "5029465"]
[EventDate "2018.01.18"]

1. Nf3 Nf6 2. g3 g6 3. b3 Bg7 4. Bb2 b6 5. Bg2 Bb7 6. O-O c5 7. c4 O-O 8. Nc3 d5
9. Nxd5 Nxd5 10. Bxg7 Kxg7 11. cxd5 Bxd5 12. d4 Nd7 13. dxc5 Nxc5 14. Qd4+ f6
15. Rfd1 Bxf3 16. Bxf3 Qxd4 17. Rxd4 Rad8 18. Rad1 Rxd4 19. Rxd4 Rc8 20. b4 Ne6
21. Rd3 f5 22. Bd5 Kf6 23. Bb3 Rd8 24. Rxd8 Nxd8 25. e3 Nc6 26. a3 Ne5 27. h3
Nf3+ 28. Kg2 Nd2 29. Ba2 Ne4 30. f3 Nd6 31. Kf2 h6 32. a4 g5 33. Ke2 e5 34. Bd5
f4 35. g4 fxe3 36. Kxe3 Ke7 37. Kd3 Kf6 38. Ke3 Ke7 39. Kd3 Kf6 40. Ke3 Ke7 41.
Kd3 Kf6 1/2-1/2

[Event "PRO League Group Stage"]
[Site "chess.com INT"]
[Date "2018.02.14"]
[Round "6"]
[White "Della Morte, German"]
[Black "Rosenthal, Nicholas"]
[Result "1-0"]
[WhiteTitle "IM"]
[WhiteElo "2353"]
[BlackElo "2169"]
[WhiteTeam "Buenos Aires Krakens"]
[BlackTeam "Miami Champions"]
[WhiteFideId "113522"]
[BlackFideId "2045150"]
[EventDate "2018.01.18"]

1. e4 e6 2. d4 d5 3. Nd2 Nf6 4. e5 Nfd7 5. Bd3 c5 6. c3 b6 7. Ne2 Ba6 8. Bxa6
Nxa6 9. O-O Nc7 10. f4 g6 11. Nf3 Be7 12. Be3 h5 13. g3 a5 14. h3 Nb8 15. c4
dxc4 16. dxc5 Nd5 17. Bf2 b5 18. a4 b4 19. Rc1 c3 20. bxc3 Nc6 21. Nfd4 Nxd4 22.
cxd4 Qc7 23. h4 Qc6 24. Qb3 Kd7 25. Be1 Rhd8 26. Bd2 Ke8 27. Kh2 Kd7 28. Ng1 Ke8
29. Nh3 Nc7 30. Rc4 Rd7 31. Bc1 Rc8 32. Nf2 Nd5 33. Rc2 Nc3 34. Be3 Ra8 35. Ra1
Rb8 36. Rxc3 bxc3 37. Qxb8+ Bd8 38. Qb3 Rb7 39. Qxc3 Rb4 40. Qc2 Qb7 41. c6 Qb6
42. Qc5 Qc7 43. d5 exd5 44. Qxd5 Be7 45. Rd1 Rb2 46. Kh3 Qc8+ 47. Qd7+ Qxd7+ 48.
cxd7+ Kd8 49. Ne4 Rb3 50. Bc5 Bxc5 51. Nxc5 Rb6 52. Rd6 Rxd6 53. exd6 f5 54.
Nb7+ Kxd7 55. Nxa5 Kxd6 56. Nc4+ 1-0

[Event "PRO League Group Stage"]
[Site "chess.com INT"]
[Date "2018.02.14"]
[Round "6"]
[White "Le, Quang Liem"]
[Black "Chandra, Akshat"]
[Result "1/2-1/2"]
[WhiteTitle "GM"]
[BlackTitle "GM"]
[WhiteElo "2737"]
[BlackElo "2510"]
[WhiteTeam "Webster Windmills"]
[BlackTeam "Saint Louis Arch Bishops"]
[WhiteFideId "12401137"]
[BlackFideId "25006711"]
[EventDate "2018.01.18"]

1. d4 Nf6 2. c4 e6 3. Nf3 b6 4. g3 Bb7 5. Bg2 Bb4+ 6. Bd2 Be7 7. O-O O-O 8. Nc3
c6 9. e4 d5 10. Qc2 dxc4 11. Bg5 h6 12. e5 hxg5 13. Nxg5 g6 14. exf6 Bxf6 15.
Nge4 Bg7 16. Rad1 Na6 17. h4 Nb4 18. Qe2 Qe7 19. h5 g5 20. a3 Nd5 21. Qxc4 Rac8
22. Rfe1 c5 23. dxc5 Nxc3 24. bxc3 Bxe4 25. Qxe4 Rxc5 26. c4 Re5 27. Qf3 Rxe1+
28. Rxe1 Rd8 29. Bf1 Rd4 30. a4 Qd8 31. Be2 Rd2 32. Kg2 Rd4 33. Rd1 Rxd1 34.
Bxd1 a5 35. Bc2 Qd4 36. Qa8+ Bf8 37. h6 Qd6 38. Qe4 f5 39. Qa8 Kh7 40. g4 Kxh6
41. gxf5 exf5 42. Bxf5 Qf6 43. Qf3 Bc5 44. Qh3+ Kg7 45. Qh7+ Kf8 46. Qg6 Qxg6
47. Bxg6 Kg7 48. Be4 Kf6 1/2-1/2

[Event "PRO League Group Stage"]
[Site "chess.com INT"]
[Date "2018.02.14"]
[Round "6"]
[White "Manukian, Artak"]
[Black "Grandelius, Nils"]
[Result "0-1"]
[BlackTitle "GM"]
[WhiteElo "2196"]
[BlackElo "2647"]
[WhiteTeam "Armenia Eagles"]
[BlackTeam "Norway Gnomes"]
[WhiteFideId "13301373"]
[BlackFideId "1710400"]
[EventDate "2018.01.18"]

1. e4 c5 2. Nf3 e6 3. c3 Nf6 4. e5 Nd5 5. d4 cxd4 6. cxd4 b6 7. Nc3 Nxc3 8. bxc3
Qc7 9. Bd2 Bb7 10. Bd3 d6 11. O-O Be7 12. Re1 Nd7 13. Bf4 O-O 14. Re3 g6 15. Rc1
Rad8 16. exd6 Bxd6 17. Bg5 Bf4 18. Bxd8 Rxd8 19. Rc2 Bxe3 20. fxe3 e5 21. Bf1
Nf6 22. Qe1 Bxf3 23. gxf3 exd4 24. exd4 Nd5 25. c4 Nf4 26. Qe3 Kf8 27. c5 Ne6
28. Rc4 b5 29. Rb4 a5 30. Rxb5 Nxd4 31. Rb2 Qxc5 32. Kg2 Re8 33. Qf2 Qc3 34. Rb7
Nf5 35. Bb5 Ne3+ 36. Kg3 Qe5+ 37. f4 Nf5+ 38. Kh3 Qc3+ 39. Kg4 Ne3+ 40. Kh4 Nf5+
41. Kg4 Re6 42. Bd7 h5+ 43. Kg5 Qf6# 0-1

[Event "PRO League Group Stage"]
[Site "chess.com INT"]
[Date "2018.02.14"]
[Round "6"]
[White "Manukian, Artak"]
[Black "Abdrlauf, Elham"]
[Result "1-0"]
[WhiteElo "2196"]
[BlackElo "2073"]
[WhiteTeam "Armenia Eagles"]
[BlackTeam "Norway Gnomes"]
[WhiteFideId "13301373"]
[BlackFideId "1533533"]
[EventDate "2018.01.18"]

1. e4 c6 2. d4 d5 3. e5 c5 4. dxc5 e6 5. Bf4 Bxc5 6. Nd2 Ne7 7. Bd3 Ng6 8. Bg3
Nc6 9. Ngf3 O-O 10. O-O f6 11. exf6 Qxf6 12. Bxg6 Qxg6 13. Nb3 Bb6 14. c3 Bd7
15. Re1 Rae8 16. Nbd4 Qf6 17. Qd2 e5 18. Nxc6 bxc6 19. Nxe5 Bc8 20. Nf3 Bg4 21.
Rxe8 Rxe8 22. Re1 Rxe1+ 23. Nxe1 h5 24. h4 Qe6 25. Nd3 Qg6 26. Kh2 Qf6 27. f3
Bf5 28. Nf2 Bb1 29. a3 Bg6 30. Nh3 Qf5 31. Ng5 Qb1 32. Nh3 Qf5 33. Qe2 Qf7 34.
Ng5 Qe8 35. Qa6 Qe3 36. Qc8+ Qe8 37. Qb7 Qe3 38. Qb8+ Qe8 39. Qd6 Qe3 40. Qxg6
Qg1+ 41. Kh3 Qh1+ 42. Bh2 1-0

[Event "PRO League Group Stage"]
[Site "chess.com INT"]
[Date "2018.02.14"]
[Round "6"]
[White "Maurizzi, Marc Andria"]
[Black "Jobava, Baadur"]
[Result "0-1"]
[WhiteTitle "CM"]
[BlackTitle "GM"]
[WhiteElo "2018"]
[BlackElo "2690"]
[WhiteTeam "Marseille Migraines"]
[BlackTeam "Stockholm Snowballs"]
[WhiteFideId "36083534"]
[BlackFideId "13601520"]
[EventDate "2018.01.18"]

1. e4 c6 2. Nf3 d5 3. Nc3 Bg4 4. h3 Bxf3 5. Qxf3 e6 6. d4 dxe4 7. Nxe4 Qxd4 8.
c3 Qb6 9. Be3 Qxb2 10. Rd1 f5 11. Bc4 Qc2 12. Bxe6 Qxe4 13. Qxe4 fxe4 14. Bc8
Nd7 15. Bxd7+ Kf7 16. O-O Nf6 17. Bg5 Be7 18. Bxf6 Bxf6 19. Bf5 Rhd8 20. c4 e3
21. fxe3 g6 22. Bc2 Ke7 23. Kf2 b5 24. cxb5 cxb5 25. Kf3 a5 26. Bd3 Rab8 27. e4
Be5 28. Bc2 a4 29. Bd3 b4 30. Rd2 b3 31. axb3 Rxb3 32. Ke2 a3 33. Bb1 Rxd2+ 34.
Kxd2 Rxb1 35. Rxb1 a2 36. Rb7+ Kd8 0-1

[Event "PRO League Group Stage"]
[Site "chess.com INT"]
[Date "2018.02.14"]
[Round "6"]
[White "Maurizzi, Marc Andria"]
[Black "Keymer, Vincent"]
[Result "0-1"]
[WhiteTitle "CM"]
[BlackTitle "IM"]
[WhiteElo "2018"]
[BlackElo "2408"]
[WhiteTeam "Marseille Migraines"]
[BlackTeam "Stockholm Snowballs"]
[WhiteFideId "36083534"]
[BlackFideId "12940690"]
[EventDate "2018.01.18"]

1. e4 c5 2. Nc3 e6 3. g3 Nc6 4. Nge2 d5 5. Bg2 d4 6. Nb1 h5 7. d3 h4 8. Nd2 e5
9. Nf3 h3 10. Bf1 Be7 11. Nfg1 Nf6 12. Bg5 Be6 13. Bxf6 Bxf6 14. f4 g6 15. fxe5
Bg5 16. Nf3 Be3 17. Nf4 Qa5+ 0-1

[Event "PRO League Group Stage"]
[Site "chess.com INT"]
[Date "2018.02.14"]
[Round "6"]
[White "Brown, Michael William"]
[Black "Khachiyan, Melikset"]
[Result "1/2-1/2"]
[WhiteTitle "IM"]
[BlackTitle "GM"]
[WhiteElo "2506"]
[BlackElo "2522"]
[WhiteTeam "San Diego Surfers"]
[BlackTeam "Las Vegas Desert Rats"]
[WhiteFideId "2037602"]
[BlackFideId "13300512"]
[EventDate "2018.01.18"]

1. d4 Nf6 2. c4 g6 3. Nc3 d5 4. cxd5 Nxd5 5. Bd2 Bg7 6. e4 Nb6 7. Be3 O-O 8. Be2
Nc6 9. Nf3 Bg4 10. e5 Nb4 11. O-O N4d5 12. h3 Be6 13. Re1 Nxe3 14. fxe3 c5 15.
Ne4 cxd4 16. exd4 Bd5 17. Nc5 Nd7 18. Nd3 Qb6 19. Kh1 Rfd8 20. Qa4 Nf8 21. Nc5
Ne6 22. Nxe6 Bxe6 23. Bc4 Bd5 24. Bxd5 Rxd5 25. Qc4 e6 26. Rac1 Bh6 27. Rc2 Rad8
28. Re4 Qb5 29. Qxb5 Rxb5 30. b3 a5 31. Rc4 Rb4 32. Re2 Rxc4 33. bxc4 b6 34. Kg1
Rc8 35. Rc2 b5 36. c5 b4 37. Kf2 a4 38. Ke2 Rb8 39. Nd2 Bxd2 40. Kxd2 Kf8 41.
Kd3 Ke7 42. Rb2 b3 43. Kc4 bxa2 44. Rxa2 Ra8 45. Kb4 Rb8+ 46. Kc4 Ra8 47. Kb4
Rb8+ 48. Kc4 Ra8 1/2-1/2

[Event "PRO League Group Stage"]
[Site "chess.com INT"]
[Date "2018.02.14"]
[Round "6"]
[White "Lenic, Luka"]
[Black "Van Wely, Loek"]
[Result "1/2-1/2"]
[WhiteTitle "GM"]
[BlackTitle "GM"]
[WhiteElo "2662"]
[BlackElo "2656"]
[WhiteTeam "Ljubljana Turtles"]
[BlackTeam "Amsterdam Mosquitoes"]
[WhiteFideId "14603853"]
[BlackFideId "1000268"]
[EventDate "2018.01.18"]

1. d4 Nf6 2. c4 e6 3. Nf3 d5 4. Nc3 c6 5. Bg5 h6 6. Bxf6 Qxf6 7. e3 Nd7 8. Be2
g6 9. O-O Bg7 10. e4 dxc4 11. e5 Qe7 12. Bxc4 O-O 13. Qe2 b5 14. Bd3 Bb7 15. Be4
Rab8 16. Rac1 a6 17. Rfd1 Rfd8 18. a3 c5 19. Bxb7 Rxb7 20. Qe4 Rbb8 21. d5 exd5
22. Nxd5 Qe6 23. Nf4 Qe7 24. Nd5 Qe6 25. Nf4 Qe7 26. Nd5 1/2-1/2

[Event "PRO League Group Stage"]
[Site "chess.com INT"]
[Date "2018.02.14"]
[Round "6"]
[White "Lenic, Luka"]
[Black "Ducarmon, Quinten"]
[Result "1/2-1/2"]
[WhiteTitle "GM"]
[BlackTitle "IM"]
[WhiteElo "2662"]
[BlackElo "2472"]
[WhiteTeam "Ljubljana Turtles"]
[BlackTeam "Amsterdam Mosquitoes"]
[WhiteFideId "14603853"]
[BlackFideId "1025007"]
[EventDate "2018.01.18"]

1. d4 d5 2. c4 c6 3. Nf3 Nf6 4. g3 Bf5 5. Nc3 e6 6. Nh4 Bg4 7. Qb3 Qb6 8. c5
Qxb3 9. axb3 Na6 10. f3 Bh5 11. e4 Nb4 12. Ra4 a5 13. g4 Bg6 14. g5 Nd7 15. Nxg6
hxg6 16. exd5 exd5 17. Kd1 Rh4 18. Be3 Nxc5 19. dxc5 d4 20. Bf2 dxc3 21. bxc3
O-O-O+ 22. Ke2 Re8+ 23. Kd2 Rd8+ 24. Ke2 Re8+ 25. Kd2 Rd8+ 1/2-1/2

[Event "PRO League Group Stage"]
[Site "chess.com INT"]
[Date "2018.02.14"]
[Round "6"]
[White "Sarana, Alexey"]
[Black "Arribas Lopez, Angel"]
[Result "1/2-1/2"]
[WhiteTitle "GM"]
[BlackTitle "GM"]
[WhiteElo "2562"]
[BlackElo "2483"]
[WhiteTeam "Australia Kangaroos"]
[BlackTeam "Dallas Destiny"]
[WhiteFideId "24133795"]
[BlackFideId "2283352"]
[EventDate "2018.01.18"]

1. d4 Nf6 2. c4 g6 3. Nc3 Bg7 4. g3 O-O 5. Bg2 d6 6. Nf3 c6 7. O-O Qb6 8. b3 Qa5
9. Bb2 Qh5 10. e4 Bg4 11. Qd3 Na6 12. Ne1 Nb4 13. Qd2 e5 14. f3 Bh6 15. Qf2 Bh3
16. dxe5 dxe5 17. g4 Bxg4 18. fxg4 Nxg4 19. Qg3 Bf4 20. Qh3 Be3+ 21. Kh1 Nf2+
22. Rxf2 Qxh3 23. Bxh3 Bxf2 24. a3 Na6 25. b4 Rad8 26. Nf3 Rd3 27. Bg2 Bd4 28.
Nxd4 exd4 29. Na4 Rd2 30. Re1 b5 31. cxb5 cxb5 32. Bf1 Nc7 33. Bc1 Rc2 34. Bd3
Ra2 35. Nc5 Re8 36. Bf4 Rc8 37. Be5 Rxa3 38. Be2 Na6 39. Nd7 d3 40. Nf6+ Kf8 41.
Bg4 d2 42. Rf1 Rc1 43. Bd6+ Kg7 44. Ne8+ Kh6 45. Bd1 Raa1 46. Bf8+ Kg5 47. Be7+
Kh6 48. Bf8+ Kg5 49. Be7+ Kh6 50. Bf8+ Kg5 1/2-1/2

[Event "PRO League Group Stage"]
[Site "chess.com INT"]
[Date "2018.02.14"]
[Round "6"]
[White "Villanueva, Mario"]
[Black "Rosenthal, Nicholas"]
[Result "0-1"]
[WhiteTitle "IM"]
[WhiteElo "2466"]
[BlackElo "2169"]
[WhiteTeam "Buenos Aires Krakens"]
[BlackTeam "Miami Champions"]
[WhiteFideId "113433"]
[BlackFideId "2045150"]
[EventDate "2018.01.18"]

1. e4 e6 2. d4 d5 3. e5 c5 4. c3 Nc6 5. Nf3 Qb6 6. Na3 cxd4 7. cxd4 Bd7 8. Nc2
Rc8 9. Be2 Nb4 10. Nxb4 Bxb4+ 11. Kf1 Bb5 12. h4 Ne7 13. g3 Nf5 14. Bxb5+ Qxb5+
15. Kg2 O-O 16. Qb3 Qc4 17. Rd1 a5 18. g4 Qxb3 19. axb3 Ne7 20. Bd2 Bxd2 21.
Rxd2 Nc6 22. Rc2 Rfd8 23. h5 h6 24. Kg3 Kf8 25. Rac1 Ke7 26. Kf4 Kd7 27. Ke3 Ra8
28. Ne1 Rdc8 29. Nd3 b6 30. Rc3 Nb4 31. Nxb4 axb4 32. Rxc8 Rxc8 33. Ra1 Rc2 34.
Ra7+ Ke8 35. Ra4 Kd7 36. Ra7+ Ke8 37. Ra8+ Ke7 38. Ra2 Kd7 39. f3 Rc7 40. Kf4
Rc2 41. Ra7+ Rc7 42. Ra6 Rc6 43. g5 Kd8 44. Ra4 Rc2 45. Rxb4 Kc7 46. Ra4 Kb7 47.
gxh6 gxh6 48. Ra1 Rh2 49. Kg3 Rxb2 50. Rh1 Rxb3 51. Rh4 Rc3 52. Rf4 Rc7 53. Rf6
b5 54. Rxh6 b4 55. Rh8 b3 56. h6 b2 57. h7 b1=Q 58. Rb8+ Kxb8 59. h8=Q+ Kb7 60.
Qe8 Qg1+ 61. Kh3 Qxd4 0-1

[Event "PRO League Group Stage"]
[Site "chess.com INT"]
[Date "2018.02.14"]
[Round "6"]
[White "Abdrlauf, Elham"]
[Black "Petrosyan, Manuel"]
[Result "0-1"]
[BlackTitle "GM"]
[WhiteElo "2073"]
[BlackElo "2570"]
[WhiteTeam "Norway Gnomes"]
[BlackTeam "Armenia Eagles"]
[WhiteFideId "1533533"]
[BlackFideId "13300857"]
[EventDate "2018.01.18"]

1. d4 Nf6 2. c4 e6 3. Nc3 Bb4 4. Nf3 b6 5. g3 Ba6 6. Bg2 Bxc4 7. O-O Bxc3 8.
bxc3 Bd5 9. Re1 O-O 10. Bg5 Be4 11. e3 h6 12. Bh4 d5 13. Bxf6 Qxf6 14. Nd2 Bxg2
15. Kxg2 c5 16. Qe2 Nc6 17. Qb5 Rfc8 18. Nf3 Qe7 19. e4 dxe4 20. Rxe4 cxd4 21.
cxd4 Qd6 22. Rc1 Ne7 23. Ree1 a6 24. Qb3 b5 25. a4 b4 26. Ne5 a5 27. Nf3 Nd5 28.
Qd3 Rxc1 29. Rxc1 Nc3 30. Qc2 Qd5 31. Re1 Qc6 32. Re3 Rc8 33. Qb3 Qd5 34. Qc2
Qd7 35. Re5 Nd5 36. Qd1 Rc3 37. Nd2 Qc6 38. Kh3 Nf4+ 39. Kg4 Ng6 40. Re3 Qg2 41.
Qf1 Qxh2 42. Nf3 f5# 0-1

[Event "PRO League Group Stage"]
[Site "chess.com INT"]
[Date "2018.02.14"]
[Round "6"]
[White "Abdrlauf, Elham"]
[Black "Andriasian, Zaven"]
[Result "0-1"]
[BlackTitle "GM"]
[WhiteElo "2073"]
[BlackElo "2585"]
[WhiteTeam "Norway Gnomes"]
[BlackTeam "Armenia Eagles"]
[WhiteFideId "1533533"]
[BlackFideId "13302000"]
[EventDate "2018.01.18"]

1. d4 Nf6 2. c4 g6 3. Nf3 Bg7 4. g3 O-O 5. Bg2 d6 6. O-O Nbd7 7. Nc3 e5 8. d5 a5
9. e4 h6 10. h3 Nh7 11. Be3 f5 12. Qc1 h5 13. Ng5 Nxg5 14. Bxg5 Bf6 15. f4 exf4
16. gxf4 Bxg5 17. fxg5 Ne5 18. exf5 Bxf5 19. Ne4 Bxe4 20. Bxe4 Rxf1+ 21. Kxf1 a4
22. Kg2 Qe7 23. Qf4 Rf8 24. Qg3 Nxc4 25. Re1 Qg7 26. b3 axb3 27. axb3 Qb2+ 28.
Kg1 Ne5 29. Qe3 Ra8 30. Rf1 Ra1 31. Rxa1 Qxa1+ 32. Kg2 Qb2+ 33. Kg3 Kg7 34. Bf3
Nf7 35. Bg2 b5 36. Bf3 b4 37. Bg2 Ne5 38. Bf3 Kg8 39. Bg2 Kh7 40. Be4 Qa1 41.
Bg2 Qd1 42. Be4 Qf1 43. Bg2 Qf5 44. Be4 Qf7 45. Bg2 Qe7 46. Be4 Kg7 47. Qf4 Nf7
48. Bd3 Qxg5+ 49. Qxg5 Nxg5 50. h4 Nf7 51. Kf4 Kf6 52. Bb1 g5+ 53. Ke4 gxh4 54.
Kf3 Kg5 55. Kg2 Ne5 56. Kh3 Ng4 57. Bd3 Nf2+ 0-1

[Event "PRO League Group Stage"]
[Site "chess.com INT"]
[Date "2018.02.14"]
[Round "6"]
[White "Le Roux, Jean-Pierre"]
[Black "Rendle, Thomas E"]
[Result "1/2-1/2"]
[WhiteTitle "GM"]
[BlackTitle "IM"]
[WhiteElo "2554"]
[BlackElo "2362"]
[WhiteTeam "London Lions"]
[BlackTeam "London Towers"]
[WhiteFideId "609404"]
[BlackFideId "408760"]
[EventDate "2018.01.18"]

1. Nf3 f5 2. d3 Nc6 3. d4 e6 4. g3 Nf6 5. Bg2 Be7 6. O-O O-O 7. c4 d5 8. b3 Ne4
9. Bb2 Bf6 10. Nbd2 Qd6 11. a3 b6 12. Rc1 Bb7 13. b4 Nxd2 14. Qxd2 dxc4 15. Rxc4
Ne7 16. Rfc1 Rac8 17. Qc2 Be4 18. Qa4 c6 19. Qd1 Rfd8 20. Qe1 Bd5 21. R4c3 Be4
22. Rd1 c5 23. bxc5 bxc5 24. Rcc1 c4 25. a4 Nd5 26. Ba1 Qa3 27. Qa5 c3 28. Qa6
Qd6 29. Qxd6 Rxd6 30. Ne1 Bxg2 31. Kxg2 Ra6 32. Nd3 Rxa4 33. e3 Rac4 34. Nc5 Kf7
35. Rc2 Be7 36. Nd3 Bd6 37. Ra2 R8c7 38. Rc1 c2 39. Kf1 Nb4 40. Nxb4 Rxb4 41.
Ke2 Rb1 42. Bb2 g5 43. Kd3 Rxc1 44. Bxc1 g4 45. Rxc2 Rxc2 46. Kxc2 Ke7 47. Kd3
Kd7 48. Bd2 Kc6 49. e4 h5 50. Bc3 a6 51. d5+ exd5 52. exf5 Bc5 53. f6 Kd6 54.
Ke2 Ke6 55. f3 gxf3+ 56. Kxf3 d4 57. Bd2 Kxf6 58. Ke4 Ke6 59. h3 Bd6 60. g4 hxg4
61. hxg4 Be5 62. g5 Bg7 63. g6 Kf6 64. Kxd4 Kxg6+ 65. Kc4 Bf6 66. Kc5 Bd8 67.
Kc6 a5 68. Kb5 Kf5 69. Bxa5 1/2-1/2

[Event "PRO League Group Stage"]
[Site "chess.com INT"]
[Date "2018.02.14"]
[Round "6"]
[White "Gozzoli, Yannick"]
[Black "Meier, Georg"]
[Result "1/2-1/2"]
[WhiteTitle "GM"]
[BlackTitle "GM"]
[WhiteElo "2565"]
[BlackElo "2647"]
[WhiteTeam "Marseille Migraines"]
[BlackTeam "Stockholm Snowballs"]
[WhiteFideId "616915"]
[BlackFideId "4675789"]
[EventDate "2018.01.18"]

1. d4 Nf6 2. c4 e6 3. Nf3 d5 4. Nc3 Be7 5. Bg5 h6 6. Bxf6 Bxf6 7. e3 O-O 8. Rc1
c6 9. Bd3 Nd7 10. O-O dxc4 11. Bxc4 e5 12. h3 exd4 13. exd4 Nb6 14. Bb3 Re8 15.
Re1 Bf5 16. Rxe8+ Qxe8 17. Qd2 Qd7 18. Re1 a5 19. a3 Re8 20. Rxe8+ Qxe8 21. Qf4
Be6 22. Bxe6 Qxe6 23. Qb8+ Qc8 24. Qa7 Nc4 25. b3 Nxa3 26. Qxa5 Nc2 27. Ne4 Be7
28. Nc5 Bf6 29. Qc3 Na3 30. Ne4 Be7 31. d5 Nb5 32. Qc4 Qd7 33. dxc6 Qxc6 34.
Qxc6 bxc6 35. g4 Kf8 36. Kf1 Bd8 37. Ke2 Ke7 38. Kd3 Ke6 39. Ng3 g6 40. Nd2 Bc7
41. Ne2 f5 42. f3 fxg4 43. fxg4 h5 44. Nf3 hxg4 45. hxg4 Bb6 46. Nc3 Nxc3 47.
Kxc3 Kd5 48. Kd3 Bf2 49. Ke2 Bg3 50. Ke3 Kc5 51. Kd3 Kd5 52. Ke3 Kc5 53. Ke4 Kb4
54. Nd4 c5 55. Ne6 Bf2 56. Kd5 Be3 57. Ke4 Bf2 58. Kd5 Be3 59. Ke4 Bg1 60. Kd5
Be3 1/2-1/2